Sports Quiz

Random Sports or Soccer Quiz

2012 Ballon d'Or Shortlist Quiz Stats

 Plays Quiz Updated May 21, 2019

Score 0/23 Timer 05:00
6 Plays Today
% Correct
Lionel Messi
78.7%
Cristiano Ronaldo
78.7%
Andrés Iniesta
69.2%
Zlatan Ibrahimović
68.6%
Xavi
68.6%
Robin van Persie
64.8%
Wayne Rooney
64.4%
Iker Casillas
57.8%
Neymar
56.2%
Sergio Agüero
54.6%
Andrea Pirlo
54.6%
Radamel Falcao
54.5%
% Correct
Didier Drogba
51.2%
Mesut Özil
51.2%
Xabi Alonso
50.9%
Sergio Ramos
50.7%
Yaya Touré
47.4%
Manuel Neuer
46.1%
Gerard Piqué
44.9%
Gianluigi Buffon
44.7%
Karim Benzema
39.1%
Mario Balotelli
37.7%
Sergio Busquets
36.5%

You're not logged in!

Compare scores with friends on all Sporcle quizzes.
OR
Log In

Show Comments

Extras

Top Quizzes Today


Score Distribution

Your Account Isn't Verified!

In order to create a playlist on Sporcle, you need to verify the email address you used during registration. Go to your Sporcle Settings to finish the process.

Report this User

Report this user for behavior that violates our Community Guidelines.

Details: